Statistics for Estonian settlements

Click here to take the quiz!

General Stats

  • This quiz has been taken 10 times
  • The average score is 8 of 16

Answer Stats

Answer% Correct
Tallinn
100%
Pärnu
80%
Tartu
80%
Rapla
70%
Maardu
60%
Paide
60%
Paldiski
60%
Kärdla
40%
Kiviõli
40%
Mustvee
40%
Otepää
40%
Värska
40%
Palamuse
30%
Rõuge
30%
Koidula
20%
Vändra
20%

Score Distribution

Percentile by Number Answered

Percent of People with Each Score

Your Score History

You have not taken this quiz